Statistics for Books turned into movies #2

Click here to take the quiz!

General Stats

  • This quiz has been taken 47 times
  • The average score is 9 of 24

Answer Stats

Book or Series Author % Correct
To Kill a MockingbirdHarper Lee
89%
The Green MileStephen King
81%
DraculaBram Stoker
81%
James Bond seriesIan Fleming
70%
Hunger Games seriesSuzanne Collins
54%
The Color PurpleAlice Walker
41%
Tinker Tailor Soldier SpyJohn le Carré
41%
The Silence of the LambsThomas Harris
38%
Sleepy HollowWashington Irving
35%
The Last of the MohicansJames Fenimore Cooper
35%
Jason Bourne seriesRobert Ludlum
35%
Life of PiYann Martel
30%
Where the Wild Things AreMaurice Sendak
27%
The Princess BrideWilliam Goldman
27%
Jack Reacher seriesLee Child
27%
WatchmenAlan Moore / Dave Gibbons
24%
Mary PoppinsP.L. Travers
24%
Stuart LittleE.B. White
22%
StardustNeil Gaiman
22%
Rosemary's BabyIra Levin
22%
Ben-HurLew Wallace
19%
Planet of the ApesPierre Boulle
8%
Silver Linings PlaybookMatthew Quick
5%
The Assassination of Jesse James by the Coward Robert FordRon Hansen
3%

Score Distribution

Percentile by Number Answered

Percent of People with Each Score

Your Score History

You have not taken this quiz